000
00198 a2200097 4500
001
29713
100
_a
Cornwell
245
_a
The Flow of Heat
260
_a
_b
Notrand
_c
1977
090
_c
19733
_d
19733
942
_a
NUST-CAE
_c
M
_c
10817
999
_c
264786
_d
264786